Private peaceful (Record no. 137464)

000 -LEADER
fixed length control field 00325nam a2200121Ia 4500
008 - FIXED-LENGTH DATA ELEMENTS--GENERAL INFORMATION
fixed length control field 220120s9999||||xx |||||||||||||| ||und||
082 ## - DEWEY DECIMAL CLASSIFICATION NUMBER
Classification number 823 MOR
100 ## - MAIN ENTRY--PERSONAL NAME
Personal name Morpurgo, Michael
245 #0 - TITLE STATEMENT
Title Private peaceful
260 ## - PUBLICATION, DISTRIBUTION, ETC.
Place of publication, distribution, etc. Collins Readers
Name of publisher, distributor, etc. New Delhi
Date of publication, distribution, etc. 2003
300 ## - PHYSICAL DESCRIPTION
Extent XVIII,743p.
Other physical details 0
650 ## - SUBJECT ADDED ENTRY--TOPICAL TERM
Topical term or geographic name entry element DIGITAL DESIGN/LOGIC DESIGN
Holdings
Withdrawn status Lost status Damaged status Not for loan Collection code Home library Current library Date acquired Total Checkouts Full call number Barcode Date last seen Date last checked out Price effective from Koha item type
        Humanity Science Central Library Central Library 01/20/2022 2 823 MOR GF1323 01/10/2023 12/23/2022 01/20/2022 Gift Books

Powered by Koha